Las acciones en el Derecho romano / (Record no. 25312)

MARC details
000 -LEADER
campo de control de longitud fija 00713nam a2200205 i 4500
001 - NÚMERO DE CONTROL
campo de control 25312
003 - IDENTIFICADOR DE NÚMERO DE CONTROL
campo de control ES-MaACL
005 - FECHA Y HORA DE LA ÚLTIMA TRANSACCIÓN
campo de control 20230906153233.0
007 - CAMPO FIJO DE DESCRIPCIÓN FÍSICA--INFORMACIÓN GENERAL
campo de control de longitud fija t|
008 - DATOS DE LONGITUD FIJA--INFORMACIÓN GENERAL
campo de control de longitud fija 021223s1945 sp ||||1| spa d
100 1# - ENTRADA PRINCIPAL--NOMBRE DE PERSONA
Nombre de persona Arangio-Ruiz, Vincenzo.
9 (RLIN) 22300
245 14 - MENCIÓN DEL TÍTULO
Título Las acciones en el Derecho romano /
Mención de responsabilidad, etc. V. Arangio-Ruiz ; traducción de Faustino Gutiérrez-Alviz.
260 ## - PUBLICACIÓN, DISTRIBUCIÓN, ETC.
Lugar de publicación, distribución, etc. Madrid :
Nombre del editor, distribuidor, etc. Revista de Derecho Privado,
Fecha de publicación, distribución, etc. [1945] (
Fabricante Pablo López)
300 ## - DESCRIPCIÓN FÍSICA
Extensión 146 p. ;
Dimensiones 21 cm.
490 1# - MENCIÓN DE SERIE
Mención de serie Estudios jurídicos varios. Serie A
700 1# - ENTRADA AGREGADA--NOMBRE PERSONAL
Nombre de persona Gutiérrez-Alviz y Armario, Faustino.
9 (RLIN) 61088
830 0# - PUNTO DE ACCESO ADICIONAL DE SERIE-TÍTULO UNIFORME
Título uniforme Estudios jurídicos varios. Serie A
9 (RLIN) 184109
852 ## - LOCALIZACIÓN
Ubicación ES-MaACL
Número de control de estantería B-10289
Sublocalización o colección R.21951
Holdings
Estatus retirado Estado de pérdida Estado de daño No para préstamo Biblioteca de origen Biblioteca actual Ubicación en estantería Fecha de adquisición Fuente de adquisición Total de préstamos Signatura topográfica completa Código de barras Visto por última vez Precio de reemplazo Tipo de ítem Koha
        Biblioteca del Ateneo de Madrid Biblioteca del Ateneo de Madrid Sala Pardo Bazán 17/01/2008     B-10289 1026096 23/02/2023 23/02/2023 Libro impreso